00458nam a22001697a 450000500170000000800410001702000150005804000210007304100080009408200170010210000290011924500550014825000120020326000390021530000100025465000240026420231006115910.0231006b ||||| |||| 00| 0 eng d a8176652911 aIN-DiNCcIN-DiNC dasm a891.451bBOR aBorgohain, Homeneauthor aMur hriday ekhon judhakshetra/cby Homen Borgohain a7th ed. aGuwahati:bStudents stores,c2017. a210p. aAssamese literature